[Event "XV Festival B"]
[Site "Padova ITA"]
[Date "2012.12.23"]
[Round "6"]
[White "Cancian, Loris"]
[Black "Rodella, Umberto"]
[WhiteElo "1878"]
[BlackElo "1738"]
[Result "0-1"]
[PlyCount "118"]
[EventDate "2012.12.15"]

1. d4 Nf6 2. Nf3 b6 3. c4 e6 4. Nc3 d5 5. cxd5 Nxd5 6. e4 Nf6 7. Bg5 Be7 8. Bd3
O-O 9. O-O Bb7 10. Qc2 h6 11. Be3 Nbd7 12. Rfd1 c5 13. d5 exd5 14. exd5 Bd6 15.
h3 a6 16. a4 Qc7 17. b3 Rfe8 18. Rac1 Rac8 19. Bc4 Ne5 20. Qf5 Qd7 21. Nh4 Rcd8
22. Qxd7 Rxd7 23. Nf5 Ng6 24. Re1 Red8 25. h4 Be5 26. Bd2 Bc7 27. Rcd1 h5 28.
Bg5 Bf4 29. g3 Bxg5 30. hxg5 Nxd5 31. Nxd5 Bxd5 32. Bxa6 Bxb3 33. Rxd7 Rxd7 34.
Bb5 Rd5 35. Ne3 Rxg5 36. Nc4 Bxc4 37. Re8+ Kh7 38. Bxc4 f6 39. Rb8 Rg4 40. Bb5
Ne5 41. Rxb6 c4 42. a5 c3 43. Rb7 c2 44. Rc7 Rc4 45. Rxc4 Nxc4 46. Bxc4 c1=Q+
47. Bf1 g5 48. a6 Qc7 49. Bd3+ Kh6 50. Be2 h4 51. g4 Kg7 52. Bf3 Kf7 53. Kg2
Ke6 54. Be4 Ke5 55. Bf3 Kf4 56. Be2 Qc6+ 57. Kg1 h3 58. Bf1 Kxg4 59. Kh2 Kh4
0-1

[Event "XV Festival B"]
[Site "Padova ITA"]
[Date "2012.12.23"]
[Round "6"]
[White "Carraro, Riccardo"]
[Black "Marangoni, Simone"]
[WhiteElo "1578"]
[BlackElo "1877"]
[Result "0-1"]
[PlyCount "112"]
[EventDate "2012.12.15"]

1. e4 g6 2. d4 Bg7 3. Nc3 d6 4. Nf3 Nd7 5. Bc4 e6 6. d5 e5 7. Be3 a6 8. a4 Ngf6
9. Qd2 h6 10. g3 Ng4 11. Nh4 Nxe3 12. Qxe3 Nf6 13. Ng2 Bh3 14. Bf1 Ng4 15. Qe2
Nf6 16. f4 O-O 17. Ne3 Bxf1 18. Nxf1 exf4 19. gxf4 Nh5 20. Qf3 Qh4+ 21. Ng3
Nxf4 22. O-O-O Nh3 23. Rde1 b5 24. a5 b4 25. Na2 Rab8 26. Qe3 Rb5 27. Qa7 Rxa5
28. Kb1 Qf6 29. c3 bxc3 30. Nxc3 Qf3 31. Rd1 Qf2 32. Qxc7 Rb5 33. Nge2 Bxc3 34.
Qxc3 Qxe2 35. Rde1 Qg2 36. Rc1 Rfb8 37. Rc2 Qxh1+ 38. Ka2 Ng5 39. e5 Qxd5+ 40.
Ka1 Qd1+ 41. Rc1 Qa4+ 42. Qa3 Qxa3+ 43. bxa3 Rxe5 44. Rc6 Re1+ 45. Ka2 Reb1 46.
Rc2 Ne4 47. a4 R8b4 48. Ka3 Nc5 49. Ka2 R1b3 50. Ka1 Rb1+ 51. Ka2 Nxa4 52. Ka3
Nc5 53. Ka2 R1b3 54. Ka1 Ra4+ 55. Ra2 Rxa2+ 56. Kxa2 Rb8 0-1

[Event "XV Festival B"]
[Site "Padova ITA"]
[Date "2012.12.23"]
[Round "6"]
[White "Ciani, Davide"]
[Black "Gennari, Jacopo"]
[WhiteElo "1711"]
[BlackElo "1837"]
[Result "1/2-1/2"]
[PlyCount "80"]
[EventDate "2012.12.15"]

1. d4 d5 2. Nf3 c6 3. e3 Nf6 4. b3 Bg4 5. Nbd2 Nbd7 6. Bb2 Ne4 7. Be2 Ndf6 8.
O-O e6 9. a3 Bd6 10. Ne5 Bxe2 11. Qxe2 Nxd2 12. Qxd2 Ne4 13. Qe2 Qc7 14. f3 Nf6
15. c4 O-O-O 16. b4 h5 17. Rfc1 h4 18. c5 Bxe5 19. dxe5 Nd7 20. b5 Rdg8 21. a4
f6 22. a5 cxb5 23. Qxb5 Qc6 24. Qb4 h3 25. g3 a6 26. exf6 gxf6 27. e4 Ne5 28.
Bxe5 fxe5 29. Qb6 Rf8 30. exd5 exd5 31. Qxc6+ bxc6 32. Ra3 Kc7 33. Rb1 Rb8 34.
Rb6 Rxb6 35. axb6+ Kb7 36. Kf2 Rd8 37. f4 Rf8 38. Ke3 e4 39. g4 Rg8 40. g5 Rf8
1/2-1/2

[Event "XV Festival B"]
[Site "Padova ITA"]
[Date "2012.12.23"]
[Round "6"]
[White "Gennari, Andrea"]
[Black "Zanirato, Stefano"]
[WhiteElo "1506"]
[BlackElo "1912"]
[Result "1/2-1/2"]
[PlyCount "45"]
[EventDate "2012.12.15"]

1. d4 e5 2. e3 e4 3. c4 Bb4+ 4. Bd2 a5 5. Bxb4 axb4 6. Nd2 f5 7. Qb3 Qe7 8. Ne2
c5 9. d5 d6 10. a3 Nd7 11. Nf4 Ne5 12. Be2 Nf6 13. O-O O-O 14. axb4 Bd7 15.
bxc5 g5 16. cxd6 Qxd6 17. Nh3 Nfg4 18. f4 exf3 19. Nxf3 Nxf3+ 20. Rxf3 Qxh2+
21. Kf1 Rxa1+ 22. Bd1 Qh1+ 23. Ke2 1/2-1/2

[Event "XV Festival B"]
[Site "Padova ITA"]
[Date "2012.12.23"]
[Round "6"]
[White "Gennari, Leone"]
[Black "De Marchi, Alessandro"]
[WhiteElo "1975"]
[BlackElo "1713"]
[Result "1-0"]
[PlyCount "78"]
[EventDate "2012.12.15"]

1. d4 Nf6 2. c4 c5 3. d5 b5 4. cxb5 a6 5. f3 d6 6. e4 g6 7. Nc3 Bg7 8. a4 O-O
9. Bd3 e6 10. Nge2 exd5 11. exd5 axb5 12. Bxb5 Na6 13. O-O Nb4 14. Ng3 Bb7 15.
Bc4 Nd7 16. Qb3 Ne5 17. Bb5 Qb6 18. Kh1 Ra5 19. Nge4 Ba6 20. Be3 Rb8 21. Nd2
Bxb5 22. axb5 Rxa1 23. Rxa1 Ned3 24. Nc4 Qd8 25. b6 Ne5 26. Nxe5 Bxe5 27. Na4
Qh4 28. Bg1 Qh6 29. Rd1 Qf8 30. Qc4 Qe8 31. b3 Qc8 32. Re1 Bf6 33. Bf2 Qf5 34.
Bg3 Qxd5 35. Qxd5 Nxd5 36. Bxd6 Rd8 37. Bxc5 Nc3 38. b7 Kg7 39. Bd6 Bd4 1-0

[Event "XV Festival B"]
[Site "Padova ITA"]
[Date "2012.12.23"]
[Round "6"]
[White "Gromovs, Sergejs"]
[Black "Montoli, Marco"]
[WhiteElo "2161"]
[BlackElo "1938"]
[Result "1-0"]
[PlyCount "55"]
[EventDate "2012.12.15"]

1. d4 Nf6 2. c4 g6 3. Nc3 d5 4. cxd5 Nxd5 5. e4 Nxc3 6. bxc3 Bg7 7. Nf3 c5 8.
Rb1 Nc6 9. d5 Ne5 10. Nxe5 Bxe5 11. Qd2 O-O 12. f4 Bc7 13. Bc4 b6 14. O-O e6
15. e5 exd5 16. Bxd5 Bf5 17. Rb3 Rb8 18. c4 b5 19. cxb5 Ba5 20. Qd1 c4 21. Bxc4
Qxd1 22. Rxd1 Bc2 23. Rd7 Bxb3 24. Bxb3 Rbd8 25. Rb7 Bb6+ 26. Kf1 Rc8 27. Ba3
Bc5 28. Bb2 1-0

[Event "XV Festival B"]
[Site "Padova ITA"]
[Date "2012.12.23"]
[Round "6"]
[White "Guerra, Alessandro"]
[Black "Dragojlovic, Andjelko"]
[WhiteElo "2200"]
[BlackElo "2351"]
[Result "0-1"]
[PlyCount "31"]
[EventDate "2012.12.15"]

1. e4 c5 2. Nf3 g6 3. Bc4 Bg7 4. c3 d6 5. O-O Nf6 6. e5 dxe5 7. Nxe5 O-O 8. d4
cxd4 9. cxd4 Nbd7 10. Nc3 Nb6 11. Bb3 Bf5 12. Re1 Rc8 13. Bg5 h6 14. Be3 Nbd5
15. Bd2 Qd6 16. Qf3 0-1

[Event "XV Festival B"]
[Site "Padova ITA"]
[Date "2012.12.23"]
[Round "6"]
[White "Kolosov, Antonio"]
[Black "Quaranta, Gaetano"]
[WhiteElo "1386"]
[BlackElo "1815"]
[Result "1/2-1/2"]
[PlyCount "104"]
[EventDate "2012.12.15"]

1. e4 d5 2. exd5 Qxd5 3. Nc3 Qa5 4. d4 Nf6 5. Nf3 Bf5 6. Bc4 e6 7. Bd2 c6 8.
Ne2 Qc7 9. Ng3 Bg4 10. Be2 Bd6 11. Ng1 Bxe2 12. N1xe2 Nbd7 13. c4 Rd8 14. c5
Be7 15. Bb4 Nxc5 16. Qc2 Na6 17. Bxe7 Qxe7 18. O-O O-O 19. Qb3 Nb4 20. a3 Nbd5
21. f4 Ng4 22. Rae1 Nge3 23. Rf2 Nf5 24. Nxf5 exf5 25. Rff1 Qe3+ 26. Qxe3 Nxe3
27. Rf3 Rfe8 28. Kf2 Nc2 29. Rd1 b5 30. Rc3 Nxd4 31. Nxd4 Rd6 32. Rxc6 Rd7 33.
Re1 Red8 34. Nxb5 Rb7 35. Nd6 Rxb2+ 36. Re2 Rb3 37. Rc8 Rxc8 38. Nxc8 g6 39.
Nxa7 Rxa3 40. Nb5 Ra4 41. g3 Ra5 42. Nc3 Kg7 43. Kf3 Ra3 44. Re3 Rb3 45. h4 Rb2
46. Ne2 Ra2 47. Kg2 Rb2 48. Kh3 Kf6 49. g4 fxg4+ 50. Kxg4 Rb5 51. Nc3 Ra5 52.
Ne4+ Kg7 1/2-1/2

[Event "XV Festival B"]
[Site "Padova ITA"]
[Date "2012.12.23"]
[Round "6"]
[White "Licandro, Michele"]
[Black "Vastano, Ciro"]
[WhiteElo "1572"]
[BlackElo "1633"]
[Result "1/2-1/2"]
[PlyCount "143"]
[EventDate "2012.12.15"]

1. d4 e6 2. Bf4 d5 3. Nf3 Nd7 4. e3 Ngf6 5. Bd3 Be7 6. Nbd2 c6 7. h3 Nf8 8. Ne5
Ng6 9. Nxg6 hxg6 10. Nf3 Ng4 11. Ne5 g5 12. Qxg4 gxf4 13. Qxf4 Bf6 14. Ng4 Bg5
15. Qf3 Qb6 16. O-O-O a5 17. Ne5 Bf6 18. g4 Bxe5 19. dxe5 a4 20. a3 Bd7 21. Qf4
c5 22. c3 Qc7 23. g5 Bc6 24. Rh2 b5 25. Bc2 O-O-O 26. Qg3 Qe7 27. f4 b4 28.
cxb4 cxb4 29. Rd3 Bb5 30. Rd4 bxa3 31. b3 Kb7 32. bxa4 Bc4 33. Qe1 Qc5 34. Qc3
Rb8 35. Bd3 Rhc8 36. Bxc4 dxc4 37. Ra2 Qc6 38. Qb4+ Ka6 39. Qxa3 Qh1+ 40. Rd1
Rb1+ 41. Kxb1 Qxd1+ 42. Qc1 Rb8+ 43. Rb2 Rxb2+ 44. Kxb2 Qb3+ 45. Ka1 Qxa4+ 46.
Kb1 Kb5 47. Qb2+ Kc6 48. Kc1 Qa5 49. Kd1 c3 50. Qc2 Qd5+ 51. Ke2 Qc4+ 52. Kf2
Kc5 53. h4 Qb4 54. Ke1 Qb2 55. Kd1 Kc4 56. h5 Qa1+ 57. Ke2 Kb4 58. h6 Qa6+ 59.
Kf2 gxh6 60. gxh6 Qa8 61. h7 Qh1 62. Kg3 Kc4 63. Kg4 Qh6 64. Qa4+ Kd3 65. Qd4+
Kc2 66. Qe4+ Kc1 67. Qd3 c2 68. Qa3+ Kd2 69. Qb4+ Kd1 70. Qd4+ Ke1 71. Qc3+ Kd1
72. Qd3+ 1/2-1/2

[Event "XV Festival B"]
[Site "Padova ITA"]
[Date "2012.12.23"]
[Round "6"]
[White "Liguori, Michele"]
[Black "Simonetto, Adriano"]
[WhiteElo "1733"]
[BlackElo "2001"]
[Result "1/2-1/2"]
[PlyCount "37"]
[EventDate "2012.12.15"]

1. e4 e5 2. d4 exd4 3. Nf3 Nc6 4. c3 dxc3 5. Nxc3 Bb4 6. Bc4 Bxc3+ 7. bxc3 d6
8. O-O Nf6 9. e5 dxe5 10. Qxd8+ Nxd8 11. Nxe5 Be6 12. Ba3 Bxc4 13. Nxc4 Ne6 14.
Rfd1 Rd8 15. Na5 Rxd1+ 16. Rxd1 Ne4 17. Nxb7 Nxc3 18. Rd3 Nb5 19. Bb4 1/2-1/2

[Event "XV Festival B"]
[Site "Padova ITA"]
[Date "2012.12.23"]
[Round "6"]
[White "Lodici, Lorenzo"]
[Black "Zamengo, Fulvio"]
[WhiteElo "1931"]
[BlackElo "2068"]
[Result "1/2-1/2"]
[PlyCount "63"]
[EventDate "2012.12.15"]

1. d4 Nf6 2. c4 c5 3. d5 b5 4. cxb5 a6 5. f3 e6 6. e4 exd5 7. e5 Qe7 8. Qe2 Ng8
9. Nc3 Bb7 10. Nh3 c4 11. Nf4 Qc5 12. Nfxd5 Bxd5 13. Be3 Qb4 14. a3 Qa5 15. Bd2
Be6 16. Nd5 Qd8 17. Qxc4 Be7 18. Nc7+ Kf8 19. Qc3 Ra7 20. b6 Rb7 21. Be3 g6 22.
Bd3 Nc6 23. Bxa6 Rxc7 24. bxc7 Qxc7 25. f4 Nh6 26. O-O Kg7 27. b4 Nf5 28. Bf2
Ra8 29. Bd3 Qb7 30. Be4 Qb5 31. Rfc1 h5 32. h3 1/2-1/2

[Event "XV Festival B"]
[Site "Padova ITA"]
[Date "2012.12.23"]
[Round "6"]
[White "Mancin, Michele"]
[Black "Zanini, Andrea"]
[WhiteElo "1750"]
[BlackElo "1662"]
[Result "1/2-1/2"]
[PlyCount "58"]
[EventDate "2012.12.15"]

1. e4 b6 2. d3 Bb7 3. b3 e6 4. Bb2 Nf6 5. Nf3 Be7 6. Be2 O-O 7. O-O c5 8. Nbd2
d6 9. Re1 Re8 10. Bf1 Nbd7 11. g3 e5 12. Nc4 Nf8 13. Ne3 Ne6 14. Bg2 g6 15. Rf1
Bf8 16. Nh4 Bg7 17. f4 exf4 18. gxf4 Nh5 19. Bxg7 Kxg7 20. Qg4 Nhxf4 21. Rxf4
Nxf4 22. Qxf4 Re6 23. Qg3 Kh8 24. Rf1 Qe7 25. Bh3 Rf6 26. Rxf6 Qxf6 27. Ng4
Qa1+ 28. Bf1 Bc8 29. Nh6 Qf6 1/2-1/2

[Event "XV Festival B"]
[Site "Padova ITA"]
[Date "2012.12.23"]
[Round "6"]
[White "Renier, Renzo"]
[Black "Pilotto, Alessandro"]
[WhiteElo "2006"]
[BlackElo "1573"]
[Result "1-0"]
[PlyCount "57"]
[EventDate "2012.12.15"]

1. e4 c5 2. Nf3 g6 3. d4 cxd4 4. Nxd4 Bg7 5. c4 Nc6 6. Be3 Nf6 7. Nc3 d6 8. Be2
a6 9. O-O O-O 10. Qd2 Ng4 11. Bxg4 Bxg4 12. h3 Bd7 13. Nxc6 Bxc6 14. Bd4 f6 15.
Nd5 b5 16. cxb5 axb5 17. a3 Ra4 18. Rfc1 Bxd5 19. exd5 Qd7 20. Bc3 Rfa8 21. Re1
Kf7 22. Re2 Bf8 23. Rae1 R4a7 24. Re6 Rc8 25. Qf4 Rc4 26. Rxf6+ exf6 27. Qxf6+
Kg8 28. Qh8+ Kf7 29. Qxh7+ 1-0

[Event "XV Festival B"]
[Site "Padova ITA"]
[Date "2012.12.23"]
[Round "6"]
[White "Rigo, Mario"]
[Black "Donsbach, Peter"]
[WhiteElo "1503"]
[BlackElo "1554"]
[Result "0-1"]
[PlyCount "152"]
[EventDate "2012.12.15"]

1. e4 d5 2. exd5 c6 3. dxc6 Nxc6 4. Nf3 e5 5. Nc3 Bc5 6. Bc4 Nf6 7. d3 O-O 8.
h3 Nd4 9. O-O Qc7 10. Be3 Bd7 11. Re1 Rfe8 12. Nd2 Bc6 13. Nb3 Qb6 14. Nxc5
Qxc5 15. Qd2 Rad8 16. a3 e4 17. Rad1 Qf5 18. Ne2 Nf3+ 19. gxf3 Qxh3 20. Nf4
Qxf3 21. Qe2 Re5 22. Qxf3 exf3 23. Nh3 Rh5 24. Kh2 Bd7 25. Bf4 Bxh3 26. Kg3 Bg2
27. Be5 Rh3+ 28. Kf4 Nh5+ 29. Ke3 Kf8 30. Kd2 Rh4 31. Bc3 Rxc4 32. Kc1 Rh4 33.
Bb4+ Kg8 34. Be7 Rhd4 35. Bxd8 Rxd8 36. Re7 Nf4 37. Rxb7 h5 38. Rb4 g5 39. Rb5
f6 40. Re1 Ne2+ 41. Kd2 h4 42. Rf5 Kf7 43. Ke3 Re8+ 44. Kd2 h3 45. c4 h2 46. b4
h1=Q 47. Rxh1 Bxh1 48. Rc5 Re7 49. a4 Nf4 50. Kc3 Nh3 51. b5 Nxf2 52. a5 Ng4
53. b6 axb6 54. axb6 Kg6 55. Rc7 f2 56. Rxe7 f1=Q 57. d4 Qc1+ 58. Kb4 Qb2+ 59.
Kc5 Qa3+ 60. Kb5 Qxe7 61. c5 Qb7 62. Kb4 Ne3 63. Ka5 Bc6 64. Kb4 g4 65. Kc3 g3
66. Kd3 Nd5 67. Ke2 Nf4+ 68. Ke3 Kg5 69. d5 Qe7+ 70. Kd2 Qe2+ 71. Kc3 Nxd5+ 72.
Kb3 Qd3+ 73. Kb2 Nb4 74. b7 Bxb7 75. c6 Bxc6 76. Ka1 Qa3+ 0-1

[Event "XV Festival B"]
[Site "Padova ITA"]
[Date "2012.12.23"]
[Round "6"]
[White "Rosina, Graziano"]
[Black "Fragni, Enrico"]
[WhiteElo "1789"]
[BlackElo "1659"]
[Result "1-0"]
[PlyCount "105"]
[EventDate "2012.12.15"]

1. Nf3 Nf6 2. c4 d6 3. d4 Bg4 4. Nbd2 Nbd7 5. Qa4 c6 6. e3 e5 7. h3 Bxf3 8.
Nxf3 Be7 9. Be2 O-O 10. O-O Qc7 11. b4 a6 12. Qb3 b5 13. cxb5 axb5 14. Bb2 e4
15. Nh2 d5 16. Rac1 Qb7 17. Ng4 Nxg4 18. hxg4 f5 19. a3 Kh8 20. Qc2 Rac8 21. f4
exf3 22. Bxf3 Bg5 23. Rce1 fxg4 24. Bxg4 Rxf1+ 25. Kxf1 Rf8+ 26. Bf3 Nf6 27.
Ke2 Re8 28. Bc1 Qa7 29. Qxc6 Qf7 30. Qxb5 Bh4 31. Rf1 Rc8 32. Bd2 h6 33. a4 Rc2
34. Qb8+ Kh7 35. Qf4 Bg5 36. Qf5+ Qg6 37. Qxg6+ Kxg6 38. Rc1 Ra2 39. a5 Kf7 40.
Rc7+ Kf8 41. Rc5 Ne4 42. Bxe4 dxe4 43. b5 Be7 44. Rc4 Bd8 45. b6 Rb2 46. Rb4
Ra2 47. b7 Bc7 48. b8=Q+ Bxb8 49. Rxb8+ Ke7 50. Rb7+ Kd6 51. Rb6+ Ke7 52. d5
Kd8 53. Re6 1-0

[Event "XV Festival B"]
[Site "Padova ITA"]
[Date "2012.12.23"]
[Round "6"]
[White "Seletsky, Grigory"]
[Black "Cacco, Christian"]
[WhiteElo "2308"]
[BlackElo "2325"]
[Result "1/2-1/2"]
[PlyCount "93"]
[EventDate "2012.12.15"]

1. e4 d6 2. d4 Nf6 3. Nc3 c6 4. h3 Nbd7 5. g3 e5 6. Nge2 b5 7. a3 a6 8. Bg2 Be7
9. O-O Qc7 10. g4 Nb6 11. Ng3 g6 12. Bh6 Bb7 13. a4 b4 14. Nce2 c5 15. d5 a5
16. f4 Nfd7 17. b3 exf4 18. Rxf4 Rg8 19. c4 Ne5 20. Rf2 O-O-O 21. Qc2 Bh4 22.
g5 Qe7 23. Qd2 f6 24. gxf6 Bxf6 25. Raf1 Bh4 26. Kh2 Kb8 27. Nf4 Bc8 28. Nd3
Nbd7 29. Nxe5 Nxe5 30. Be3 Rdf8 31. Rxf8 Rxf8 32. Rxf8 Qxf8 33. Qe2 Qf6 34. Nf1
Nf7 35. Qf3 Kc7 36. Nd2 Kd8 37. Qxf6+ Bxf6 38. Nf3 Ke7 39. Kg3 g5 40. h4 g4 41.
Ng5 h5 42. Nxf7 Kxf7 43. Bf4 Be5 44. Bxe5 dxe5 45. Bf1 Bd7 46. Bd3 Kf6 47. Bc2
1/2-1/2

[Event "XV Festival B"]
[Site "Padova ITA"]
[Date "2012.12.23"]
[Round "6"]
[White "Simonetto, Alessio"]
[Black "Penzo, Amleto"]
[WhiteElo "1572"]
[BlackElo "1847"]
[Result "0-1"]
[PlyCount "46"]
[EventDate "2012.12.15"]

1. f4 d5 2. e3 Nf6 3. Nf3 Bg4 4. Be2 c6 5. b3 Nbd7 6. Bb2 Qc7 7. O-O Bxf3 8.
Bxf3 e5 9. fxe5 Nxe5 10. d3 Bd6 11. h3 O-O-O 12. Nd2 h5 13. a4 a5 14. d4 Ng6
15. c3 Rde8 16. Re1 Bg3 17. Re2 Nh4 18. b4 g5 19. Rf2 Bxf2+ 20. Kxf2 g4 21.
hxg4 Nxf3 22. gxf3 Nxg4+ 23. Kg1 Rxe3 0-1

[Event "XV Festival B"]
[Site "Padova ITA"]
[Date "2012.12.23"]
[Round "6"]
[White "Simonetto, Andrea"]
[Black "Barp, Alberto"]
[WhiteElo "1489"]
[BlackElo "1886"]
[Result "0-1"]
[PlyCount "53"]
[EventDate "2012.12.15"]

1. d4 d5 2. c4 c6 3. Nc3 Nf6 4. Bg5 Nbd7 5. e3 Ne4 6. Nxe4 dxe4 7. Qc2 Qa5+ 8.
b4 Qxg5 9. Qxe4 Qg6 10. Qxg6 hxg6 11. Nf3 e5 12. a3 e4 13. Nd2 Nf6 14. f3 exf3
15. gxf3 Bd6 16. Bd3 Bh3 17. Kf2 g5 18. Ne4 Nxe4+ 19. Bxe4 Be6 20. c5 Be7 21.
Bd3 g4 22. f4 f5 23. a4 Bd5 24. Rhg1 Rxh2+ 25. Ke1 Bh4+ 26. Kd1 Bf2 27. Rf1 0-1

[Event "XV Festival B"]
[Site "Padova ITA"]
[Date "2012.12.23"]
[Round "6"]
[White "Sinato, Fabrizio"]
[Black "Rossi, Davide"]
[WhiteElo "1862"]
[BlackElo "1556"]
[Result "1/2-1/2"]
[PlyCount "96"]
[EventDate "2012.12.15"]

1. e4 e6 2. d4 d5 3. Nd2 dxe4 4. Nxe4 Bd7 5. Nf3 Bc6 6. Bd3 Be7 7. O-O Nf6 8.
Nxf6+ Bxf6 9. c3 Nd7 10. Bf4 Bxf3 11. Qxf3 c6 12. Rfe1 O-O 13. Rad1 Bg5 14. Bg3
Qf6 15. Qe4 Qh6 16. h4 Be7 17. Re3 Nf6 18. Qf3 Qh5 19. Rde1 Qxf3 20. Rxf3 Rfd8
21. Be5 Ng4 22. Bg3 Bd6 23. Bxd6 Rxd6 24. Rh3 Nf6 25. Rf3 Rad8 26. Re5 Rd5 27.
Rxd5 Rxd5 28. g3 h6 29. Kf1 Rd6 30. Ke2 Nd7 31. Re3 Nf6 32. Kd2 Ng4 33. Re2 Kf8
34. f3 Nf6 35. Ke3 Nd5+ 36. Kd2 Nb6 37. a3 Nd7 38. Ke3 e5 39. Be4 exd4+ 40.
cxd4 Re6 41. Kd2 Nf6 42. Kc3 Ke7 43. Kd3 Kd6 44. Rc2 Re7 45. Rc5 Nxe4 46. fxe4
b6 47. Rf5 Ke6 48. Rf1 Rd7 {...} 1/2-1/2

[Event "XV Festival B"]
[Site "Padova ITA"]
[Date "2012.12.23"]
[Round "6"]
[White "Solaroli, Riccardo"]
[Black "Desideri, Alessandro"]
[WhiteElo "1920"]
[BlackElo "1788"]
[Result "1-0"]
[PlyCount "105"]
[EventDate "2012.12.15"]

1. e4 c5 2. c3 d5 3. exd5 Qxd5 4. d4 Nc6 5. Nf3 Bg4 6. Nbd2 e6 7. Bc4 Bxf3 8.
Qb3 Qd7 9. Nxf3 a6 10. Ne5 Nxe5 11. dxe5 Ne7 12. O-O Nc6 13. Rd1 Qc7 14. Qa4
Rd8 15. Rxd8+ Kxd8 16. Bg5+ Kc8 17. Rd1 h6 18. Bf4 g5 19. Bg3 Be7 20. a3 h5 21.
h3 Nb8 22. Qc2 Nc6 23. Qe4 Bf8 24. b4 Ne7 25. Bxa6 Nd5 26. Bxb7+ Qxb7 27. c4
cxb4 28. cxd5 b3 29. Qc4+ Kb8 30. d6 b2 31. Rb1 Ka7 32. Qd4+ Qb6 33. Qxb6+ Kxb6
34. Rxb2+ Kc6 35. Rc2+ Kb6 36. Rc8 Bg7 37. Rxh8 Bxh8 38. Kf1 f6 39. exf6 Bxf6
40. Ke2 h4 41. Bh2 Kc6 42. Ke3 Bb2 43. a4 e5 44. Ke4 Kxd6 45. Kf5 Kd5 46. Kxg5
e4 47. Kxh4 Bd4 48. Bg3 Bc3 49. Kg4 Bd2 50. Bf4 Be1 51. Be3 Bc3 52. Kf5 Bh8 53.
a5 1-0

[Event "XV Festival B"]
[Site "Padova ITA"]
[Date "2012.12.23"]
[Round "6"]
[White "Tomio, Dante"]
[Black "Tissino, Tiziano"]
[WhiteElo "1845"]
[BlackElo "1776"]
[Result "1-0"]
[PlyCount "78"]
[EventDate "2012.12.15"]

1. d4 Nf6 2. Nf3 b6 3. e3 e6 4. Bd3 Bb7 5. Nbd2 Be7 6. O-O d5 7. b3 O-O 8. Bb2
Nbd7 9. Ne5 c5 10. f4 Rc8 11. Qf3 cxd4 12. exd4 Bb4 13. c3 Ne4 14. Nxe4 dxe4
15. Bxe4 Bxe4 16. Qxe4 Bxc3 17. Bxc3 Rxc3 18. Qe1 Rc7 19. Rd1 Nf6 20. f5 exf5
21. Rxf5 Rc2 22. Rf2 Rxf2 23. Qxf2 Ne4 24. Qe3 Qd5 25. Re1 Nf6 26. Rc1 h6 27.
Rc7 a5 28. Nc6 Qe4 29. Qxe4 Nxe4 30. Rb7 Nc3 31. Rxb6 Nxa2 32. d5 Nc3 33. d6
Nd5 34. Rb5 Nc3 35. Rxa5 Re8 36. d7 Re1+ 37. Kf2 Re2+ 38. Kf3 g5 39. d8=Q+ Kg7
1-0

[Event "XV Festival B"]
[Site "Padova ITA"]
[Date "2012.12.23"]
[Round "6"]
[White "Zavan, Fabrizio"]
[Black "Desideri, Leonardo"]
[WhiteElo "1534"]
[BlackElo "1564"]
[Result "0-1"]
[PlyCount "72"]
[EventDate "2012.12.15"]

1. e4 c5 2. Nf3 d6 3. d4 cxd4 4. Nxd4 Nf6 5. Nc3 a6 6. Be2 b5 7. a3 Bb7 8. f3
g6 9. Bd3 Nbd7 10. O-O h5 11. h4 Qb6 12. Kh1 Qxd4 13. Qe2 Bh6 14. Rd1 Qc5 15.
Bd2 Bxd2 16. Rxd2 Ne5 17. Rad1 Nxd3 18. Rxd3 O-O 19. b4 Qc7 20. Qd2 Kg7 21. Ne2
Rac8 22. c3 Nd7 23. Qg5 Ne5 24. Rd4 Nc4 25. Qc1 e5 26. R4d3 Qe7 27. g3 f6 28.
Ng1 g5 29. hxg5 fxg5 30. Re1 g4 31. Kg2 Rf7 32. Qc2 Rcf8 33. Qe2 Nxa3 34. Rf1
Nc4 35. Rdd1 Qg5 36. Rf2 Ne3+ 0-1